Cintāmaṇi. (Record no. 78689)

MARC details
000 -LEADER
fixed length control field 00879cam a2200265 i 4500
001 - CONTROL NUMBER
control field sa 68002403
003 - CONTROL NUMBER IDENTIFIER
control field DLC
005 - DATE AND TIME OF LATEST TRANSACTION
control field 20260227112442.0
008 - FIXED-LENGTH DATA ELEMENTS--GENERAL INFORMATION
fixed length control field 860521m19621983ii 00010 hin
010 ## - LIBRARY OF CONGRESS CONTROL NUMBER
LC control number sa 68002403
020 ## - INTERNATIONAL STANDARD BOOK NUMBER
Terms of availability Rs. 4.00 (v. 1 : varies for each vol.)
040 ## - CATALOGING SOURCE
Original cataloging agency DLC
Transcribing agency DLC
Modifying agency DLC
043 ## - GEOGRAPHIC AREA CODE
Geographic area code a-ii---
050 00 - LIBRARY OF CONGRESS CALL NUMBER
Classification number PK2033
Item number .S48 1962
100 10 - MAIN ENTRY--PERSONAL NAME
Personal name Shukla, Ram Chandra,
Dates associated with a name 1884-1941.
245 10 - TITLE STATEMENT
Title Cintāmaṇi.
Name of part/section of a work Lekhaka Rāmacandra Śukla.
260 0# - PUBLICATION, DISTRIBUTION, ETC.
Place of publication, distribution, etc. Prayāga :
Name of publisher, distributor, etc. Iṇḍiyana Presa (Pablikeśaṃsa),
Date of publication, distribution, etc. 1962 or 63-1983.
300 ## - PHYSICAL DESCRIPTION
Extent 3 v. ;
Dimensions 18 cm.
500 ## - GENERAL NOTE
General note In Hindi.
500 ## - GENERAL NOTE
General note Vol. 2 has imprint: Sarasvatī Mandira, Vārāṇasī.
500 ## - GENERAL NOTE
General note Vol. 3 edited by Nāmavara Siṃha.
500 ## - GENERAL NOTE
General note Vol. 3 has imprint: Nayī Dillī : Rājakamala Prakāśana.
650 #0 - SUBJECT ADDED ENTRY--TOPICAL TERM
Topical term or geographic name entry element Hindi literature
General subdivision History and criticism.
650 #0 - SUBJECT ADDED ENTRY--TOPICAL TERM
Topical term or geographic name entry element Ethics.

No items available.

Powered by Koha